Property in Business campaign (Record no. 117551)
[ view plain ]
| 000 -LEADER | |
|---|---|
| fixed length control field | 00877cam a2200217 4500 |
| 001 - CONTROL NUMBER | |
| control field | WB4024-19 |
| 008 - FIXED-LENGTH DATA ELEMENTS--GENERAL INFORMATION | |
| fixed length control field | 040621n2004 000 0 eng u |
| 035 ## - SYSTEM CONTROL NUMBER | |
| System control number | (Sirsi) u126531 |
| 245 ## - TITLE STATEMENT | |
| Title | Property in Business campaign |
| 260 ## - PUBLICATION, DISTRIBUTION, ETC. | |
| Date of publication, distribution, etc. | 2004 |
| 490 ## - SERIES STATEMENT | |
| Series statement | RICS News Service |
| Volume/sequential designation | 18 June 2004 (1) |
| 520 ## - SUMMARY, ETC. | |
| Summary, etc. | RICS is about to increase its Property in Business campaign. The aim of this is to raise awareness of how chartered surveyors can help small and medium sized enterprises maximise the value of their property. It will also put potential clients in touch with RICS firms. More information is available fromhttp://www.propertyinbusiness.co.uk/. |
| 590 ## - LOCAL NOTE (RLIN) | |
| Local note | WB |
| 590 ## - LOCAL NOTE (RLIN) | |
| Local note | WB |
| 650 ## - SUBJECT ADDED ENTRY--TOPICAL TERM | |
| Topical term or geographic name entry element | SMES |
| 650 ## - SUBJECT ADDED ENTRY--TOPICAL TERM | |
| Topical term or geographic name entry element | CHARTERED SURVEYING SERVICES |
| 650 ## - SUBJECT ADDED ENTRY--TOPICAL TERM | |
| Topical term or geographic name entry element | BUSINESS PREMISES |
| 650 ## - SUBJECT ADDED ENTRY--TOPICAL TERM | |
| Topical term or geographic name entry element | PROPERTY-COMMERCIAL PROPERTY |
| 690 ## - LOCAL SUBJECT ADDED ENTRY--TOPICAL TERM (OCLC, RLIN) | |
| Topical term or geographic name as entry element | SURVEYING SERVICES |
| 942 ## - ADDED ENTRY ELEMENTS (KOHA) | |
| Suppress in OPAC | 0 |
| Withdrawn status | Lost status | Source of classification or shelving scheme | Damaged status | Not for loan | Home library | Current library | Shelving location | Date acquired | Total Checkouts | Full call number | Barcode | Date last seen | Copy number | Price effective from | Koha item type |
|---|---|---|---|---|---|---|---|---|---|---|---|---|---|---|---|
| Dewey Decimal Classification | London | London | News article | 24/06/2004 | WB4024-19 | 126531-1001 | 06/08/2019 | 1 | 06/08/2019 | News article |